01382nam a2200397 i 450000100060000000300080000600500170001400600190003100700150005000800410006502000180010602000270012403500230015103500240017403500250019803500210022304000310024405000200027508200160029510000310031124500930034226400470043530000410048233600310052333700330055433800430058750000230063058801290065365000250078265000270080765000140083465000150084865500270086370000320089085600620092265260FlNmELB20241217142619.0m o d | cr cnu||||||||140918s2014 cl o 001 0 spa d z9789562849814 a9781413528077 (e-book) a(MiAaPQ)EBC3221322 a(Au-PeEL)EBL3221322 a(CaPaEBR)ebr10889546 a(OCoLC)949116780 aFINmELBbspaerdacFINmELB 4aG105bK842 20140 a910.0142231 aKordic Riquelme, Raïssa.10aTopónimos y gentilicios de Chile /cRaïssa Kordic Riquelme, Mario Ferreccio Podesta. 1aSantiago de Chile :bRil editores,c[2014] a1 recurso en línea (313 páginas) atextobtxt2rdacontent/spa acomputadorabc2rdamedia/spa arecurso en líneabcr2rdacarrier/spa aContiene índice. aDescripción basada en recurso en línea; Título de la página del título en PDF (e-libro, visto september 18, 2014). 0aNames, Geographical. 4aNombres geográficos. 0aToponymy. 4aToponimia. 4aLibros electrónicos.1 aFerreccio Podestá, Mario.40uhttps://elibro.net/ereader/politecnicointernacional/68337